Responses for Show #3292 - Tuesday, December 22, 1998

Contestants

[<< previous game]

Debra Keil, a school counselor from Inola, Oklahoma

Roger Goodman, a state agency director from Olympia, Washington

Susan desJardins, a pediatric cardiologist from Silver Spring, Maryland

[next game >>]

Jeopardy! Round responses

HOLIDAYS
PATRIOTIC SONGS
CITY FOOD
BOB HOPE
THE U.S.
"O"
    $100 1
(Susan: What is Veterans Day?)

Memorial Day

SusanRoger
    $100 12
Yankee Doodle

Debra
    $100 7
chicken

Susan
    $100 26
Bing Crosby

Debra
    $100 2
Maine

Susan
    $100 21
oats

Debra
    $200 13
(Debra: What is Independence Day?)

Flag Day

SusanDebra
    $200 17
"Dixie"

Debra
    $200 8
cream cheese

Susan
    $200 27
[The end-of-round signal sounds.]

golf

Roger
    $200 3
(Debra: What is steel?)
(Roger: What are railroads?)

coal mining

SusanRogerDebra
    $200 22
(Roger: What is Oklahoma?)

Okies

RogerDebra
    $300 14
Halloween

Debra
    $300 18
(Debra: What is "Yankee Doodle Dandy"?)
(Roger: What is "I'm A Yankee Doodle Dandy"?)
(Susan: What is "When Johnny Comes Marching Home Again"?)

"Over There"

SusanRogerDebra
Triple Stumper
    $300 9
Boston

Debra
    $300 4
the Panhandle

Debra
    $300 23
an opossum

Debra
    $400 15
Argentina

Debra
    $400 19
(Alex: He created the fund to help the Boy Scouts of America.)

"God Bless America"

Triple Stumper
    $500 10
[Simmons read the clue differently: "Bananas Foster, Oysters Rockefeller--these yummy dishes were created in my Southern hometown; you know the city!"]

New Orleans

Debra
    $400 5
the Ozarks

Roger
    $400 24
(Alex: Less than a minute to go, Debra.)

an ocarina

Triple Stumper
    $500 16
(Susan: What is Ruth?)

Esther

SusanRoger
    $500 20
(Debra: What is...)

"The Battle Hymn Of The Republic"

Debra
Triple Stumper
    $500 11
green peppers

Susan
    $500 6
(Debra: What is the Red?)

the Rio Grande

Debra
Triple Stumper
    $500 25
The Odessa File

Triple Stumper

Scores at the first commercial break (after clue 12):

Susan Roger Debra
$1,000 $300 $500

Scores at the end of the Jeopardy! Round:

Susan Roger Debra
$400 $500 $1,100

Double Jeopardy! Round responses

FRENCH LIT
'70s TV
HISTORIC ASSASSINATIONS
JACKS OF ALL TRADES
RELIGION
Q ME
    $200 1
(Roger: Who is Moliere?)
(Debra: Who is Voltaire?)

Honoré de Balzac

RogerDebra
Triple Stumper
    $200 17
Shirley MacLaine

Roger
    $200 12
Franz Ferdinand

Susan
    $200 11
Jack Nicklaus

Debra
    $200 26
Peter

Debra
    $200 6
(Susan: Who are the Chinese?)
(Debra: Who are the Phoenicians?)

the Romans

SusanDebra
Triple Stumper
    $400 2
Gustave Flaubert

Susan
    $400 18
Donny & Marie Osmond

Susan
    $400 13
Jack Ruby

Roger
    $400 22
Dr. Jack Kevorkian

Debra
    $400 7
semaphore

Triple Stumper
    $600 3
Albert Camus

Roger
    $600 19
Kate Mulgrew

Triple Stumper
    $600 14
Indira Gandhi

Roger
    $600 23
(Debra: Who is Buffalo Bill Cody?)
...
(Alex: We have less than a minute to go.)

Wild Bill Hickok

Debra
Triple Stumper
    $600 27
[The end-of-round signal sounds.]

the Brahmans

Susan
    $600 8
the Quartermaster (Corps)

Debra
    $800 4
Antoine de Saint-Exupery

Susan
    $800 20
Carol Burnett & Julie Andrews

Triple Stumper
    $800 15
King Faisal

Triple Stumper
    $800 24
Jack Kemp

Roger
    $800 9
quod vide (which see)

Triple Stumper
    $1,000 5
(Susan: Can't think of it--sorry!)

Pierre Larousse

Susan
    $1000 21
(Alex: 1974-75 - you guys weren't watching TV, were you?)

Kolchak: The Night Stalker

Triple Stumper
    $1000 16
Olof Palme

Roger
    $700 25
(Roger: What is CNN?)

Court TV

Roger
    $1000 10
Qatar

Susan

Scores at the end of the Double Jeopardy! Round:

Susan Roger Debra
$2,600 $3,200 $1,500

[wagering suggestions for these scores]

Final Jeopardy! Round responses

1998 OPERA NEWS
(Alex: Roger, we couldn't accept your question - you didn't have enough that would be an acceptable response.)
DebraWhat is Streetcar Named Desire?
$1,499
SusanWhat is ?
$601
RogerWhat is Streetcar Name Di
$2,001
A Streetcar Named Desire

Final scores:

Susan Roger Debra
$1,999 $1,199 $2,999
2nd place: a trip to Sandals Royal Bahamian Resort, Bahamas 3rd place: a Samsung Maxima Zoom 145 compact camera New champion: $2,999

Game dynamics:

Coryat scores:

Susan Roger Debra
$3,600 $3,900 $1,400
12 R,
5 W
(including 1 DD)
10 R,
5 W
(including 1 DD)
15 R
(including 1 DD),
8 W

Combined Coryat: $8,900

[game clues] [game scores] [suggest correction]

Game tape date: 1998-11-03
The J! Archive is created by fans, for fans. Scraping, republication, monetization, and malicious use prohibited; this site may use cookies and collect identifying information. See terms. The Jeopardy! game show and all elements thereof, including but not limited to copyright and trademark thereto, are the property of Jeopardy Productions, Inc. and are protected under law. This website is not affiliated with, sponsored by, or operated by Jeopardy Productions, Inc. Join the discussion at JBoard.tv.